Statistics for New York City Subway stations by Map

Click here to take the quiz!

General Stats

  • This quiz has been taken 1,142 times
  • The average score is 69 of 420

Answers on the Map

Answers color-coded by a green-red scale on the quiz's map according to % correct below.
 

Answer Stats

Station% Correct
Times Square/42 St/Port Authority Bus Terminal
58%
Smith–
Ninth Streets
50%
Wall Street
43%
14th Street/Eighth Avenue
40%
Broadway
40%
42nd Street–
Port Authority Bus Terminal
39%
Lexington Avenue/59th Street
39%
59th Street
36%
Court Square–
23rd Street
36%
125th Street
33%
14th Street–
Union Square
33%
23rd Street
33%
86th Street
33%
96th Street
33%
72nd Street
32%
28th Street
31%
Canal Street
30%
110th Street
29%
50th Street
29%
Lexington Avenue/53rd Street
29%
103rd Street
28%
116th Street
28%
14th Street/Sixth Avenue
28%
161st Street—
Yankee Stadium
28%
Brooklyn Bridge–
City Hall
28%
145th Street
27%
South Ferry/Whitehall Street
27%
18th Street
26%
33rd Street
26%
79th Street
26%
Fulton Street
26%
135th Street
24%
49th Street
24%
77th Street
24%
South Ferry
24%
168th Street
23%
36th Street
23%
Fifth Avenue/59th Street
23%
34th Street–
Penn Station
22%
53rd Street
22%
74th Street–
Jackson Heights–
Roosevelt Avenue
22%
City Hall
22%
138th Street—
Grand
Concourse
21%
149th Street—
Grand
Concourse
21%
155th Street
21%
207th Street
21%
25th Street
21%
46th Street
21%
65th Street
21%
Fifth Avenue/53rd Street
21%
175th Street
20%
181st Street
20%
52nd Street
20%
55th Street
20%
59th Street–
Columbus Circle
20%
69th Street
20%
Fifth Avenue
20%
Houston Street
20%
Roosevelt Island
20%
Seventh Avenue
20%
Spring Street
20%
104th Street
19%
111th Street
19%
157th Street
19%
167th Street
19%
190th Street
19%
191st Street
19%
45th Street
19%
62nd Street
19%
88th Street
19%
Atlantic Avenue
19%
Chambers Street–
World Trade Center/Park Place/Cortlandt Street
19%
Rector Street
19%
Third Avenue
19%
215th Street
18%
34th Street–
Herald Square
18%
71st Street
18%
Bleecker Street
18%
Bowling Green
18%
Broadway–
Lafayette Street
18%
First Avenue
18%
Second Avenue
18%
121st Street
17%
170th Street
17%
176th Street
17%
238th Street
17%
Astor Place
17%
Borough Hall
17%
Bowery
17%
Brighton Beach
17%
Brooklyn Bridge–
City Hall/Chambers Street
17%
Chambers Street
17%
Court Street
17%
Dyckman Street
17%
Eighth Avenue
17%
Grand Central
42nd Street
17%
Grand Street
17%
Jay Street–
MetroTech
17%
Prospect Park
17%
169th Street
16%
183rd Street
16%
231st Street
16%
4 Avenue
9 Street
16%
Botanic Garden
16%
Broadway Junction
16%
DeKalb Avenue
16%
Flushing–
Main Street
16%
Fordham Road
16%
Franklin Street
16%
Lorimer Street
16%
Metropolitan Avenue
16%
Park Place
16%
Queensboro Plaza
16%
Queens Plaza
16%
Woodlawn
16%
219th Street
15%
34th Street–
Hudson Yards
15%
66th Street–
Lincoln Center
15%
Avenue U
15%
Cathedral Parkway–
110th Street
15%
Church Avenue
15%
Delancey Street/Essex Street
15%
Eighth Avenue
15%
Franklin Avenue
15%
Fulton Street
15%
Inwood–207th Street
15%
Pelham Bay Park
15%
Prince Street
15%
Utica Avenue
15%
116th Street–
Columbia University
14%
233rd Street
14%
68th Street–
Hunter College
14%
81st Street–
Museum of Natural History
14%
Astoria Boulevard
14%
Avenue H
14%
Avenue I
14%
Avenue J
14%
Avenue M
14%
Avenue N
14%
Avenue P
14%
Avenue X
14%
Bedford Avenue
14%
Bedford Park
Boulevard
14%
Bergen Street
14%
Broad Channel
14%
Broad Street
14%
Clark Street
14%
Coney Island–
Stillwell Avenue
14%
East Broadway
14%
Grand Army Plaza
14%
Gun Hill Road
14%
High Street
14%
Marcy Avenue
14%
Metts-Willets Point
14%
Myrtle Avenue
14%
New Lots Avenue
14%
Nostrand Avenue
14%
Sixth Avenue
14%
137th Street–
City College
13%
163rd Street–
Amsterdam Avenue
13%
18th Avenue
13%
20th Avenue
13%
21st Street
13%
30th Avenue
13%
36th Avenue
13%
42nd Street–
Bryant Park
13%
Aqueduct Racetrack
13%
Astoria–
Ditmars Boulevard
13%
Atlantic Avenue–
Barclays Center
13%
Christopher Street–
Sheridan Square
13%
Euclid Avenue
13%
Far Rockaway–
Mott Avenue
13%
Flatbush Avenue–
Brooklyn College
13%
Flushing Avenue
13%
Fort Hamilton Parkway
13%
Hoyt Street
13%
Jamaica Center–
Parsons/Archer
13%
Kingsbridge Road
13%
Kings Highway
13%
Marble Hill–
225th Street
13%
Nevins Street
13%
Parkchester
13%
Pelham Parkway
13%
Prospect Avenue
13%
Seventh Avenue
13%
Sheepshead Bay
13%
Steinway Street
13%
Sutphin Boulevard
13%
Van Cortlandt Park–
242nd Street
13%
Van Siclen Avenue
13%
York Street
13%
135th Street
12%
39th Avenue
12%
Bay Parkway
12%
Bay Ridge–95th Street
12%
Beach 105th Street
12%
Beach 25th Street
12%
Beach 36th Street
12%
Beach 44th Street
12%
Beach 60th Street
12%
Beach 90th Street
12%
Beach 98th Street
12%
Beverley Road
12%
Brook Avenue
12%
Buhre Avenue
12%
Burnside Avenue
12%
Carroll Street
12%
Central Park North–
110th Street
12%
Clinton–
Washington Avenues
12%
Crown Heights–
Utica Avenue
12%
Cypress Avenue
12%
East 180th Street
12%
Eastchester–
Dyre Avenue
12%
Greenpoint Avenue
12%
Harlem–
148th Street
12%
Howard Beach–
JFK Airport
12%
Hoyt–Schermerhorn
Streets
12%
Hunters Point Avenue
12%
Hunts Point Avenue
12%
Jackson Avenue
12%
Jamaica–
179th Street
12%
Jefferson Street
12%
Lafayette Avenue
12%
Liberty Avenue
12%
Mosholu Parkway
12%
Nereid Avenue
12%
Newkirk Avenue
12%
Newkirk Plaza
12%
Norwood–205th Street
12%
Ozone Park–
Lefferts Boulevard
12%
Pennsylvania Avenue
12%
President Street
12%
Rockaway Avenue
12%
Rockaway Boulevard
12%
Rockaway Park–
Beach 116th Street
12%
Tremont Avenue
12%
Union Street
12%
Woodhaven Boulevard
12%
15th Street–
Prospect Park
11%
25th Avenue
11%
63rd Drive–
Rego Park
11%
67th Avenue
11%
75th Avenue
11%
Alabama Avenue
11%
Allerton Avenue
11%
Aqueduct–
North Conduit Avenue
11%
Bay 50th Street
11%
Baychester Avenue
11%
Beach 67th Street
11%
Briarwood
11%
Bronx Park East
11%
Burke Avenue
11%
Canarsie–
Rockaway Parkway
11%
Castle Hill Avenue
11%
Central Avenue
11%
Classon Avenue
11%
Cortelyou Road
11%
Cypress Hills
11%
Ditmas Avenue
11%
East 105th Street
11%
East 149th Street
11%
Eastern Parkway–
Brooklyn Museum
11%
Elder Avenue
11%
Elmhurst Avenue
11%
Essex Street
11%
Forest Hills–
71st Avenue
11%
Freeman Street
11%
Graham Avenue
11%
Grant Avenue
11%
Halsey Street
11%
Hewes Street
11%
Intervale Avenue
11%
Jamaica–
Van Wyck
11%
Junction Boulevard
11%
JuniusStreet
11%
Kingston Avenue
11%
Kingston–
Throop Avenues
11%
Knickerbocker Avenue
11%
Lexington Avenue–
63rd Street
11%
Livonia Avenue
11%
Longwood Avenue
11%
Middletown Road
11%
Middle Village–
Metropolitan Avenue
11%
Montrose Avenue
11%
Morgan Avenue
11%
Morrison Avenue–
Soundview
11%
Morris Park
11%
Mount Eden Avenue
11%
Myrtle–
Willoughby Avenues
11%
Myrtle–
Wyckoff Avenues
11%
Nassau Avenue
11%
Neck Road
11%
Neptune Avenue
11%
Northern Boulevard
11%
Ocean Parkway
11%
Parsons Boulevard
11%
Ralph Avenue
11%
Saratoga Avenue
11%
Shepherd Avenue
11%
Simpson Street
11%
Sterling Street
11%
St. Lawrence Avenue
11%
Sutter Avenue
11%
Third Avenue—
138th Street
11%
Wakefield–
241st Street
11%
West Farms Square–
East Tremont Avenue
11%
West Fourth Street–
Washington Square
11%
Whitlock Avenue
11%
Winthrop Street
11%
Zerega Avenue
11%
103rd Street–
Corona Plaza
10%
21st Street–
Queensbridge
10%
255th Street
10%
47th–50th Streets–
Rockefeller Center
10%
57th Street–
Seventh Avenue
10%
82nd Street–
Jackson Heights
10%
90th Street–
Elmhurst Avenue
10%
Bay Ridge Avenue
10%
Bedford–
Nostrand Avenues
10%
Bedford Park
Boulevard—
Lehman College
10%
Bushwick Avenue–
Aberdeen Street
10%
Chauncey Street
10%
Cleveland Street
10%
Crescent Street
10%
East 143rd Street–
St. Mary's Street
10%
Forest Avenue
10%
Fresh Pond Road
10%
Gates Avenue
10%
Grand Avenue–
Newtown
10%
Grand Street
10%
Kew Gardens–
Union Turnpike
10%
Kosciuszko Street
10%
New Utrecht Avenue
10%
Norwood Avenue
10%
Parkside Avenue
10%
Seneca Avenue
10%
Sutphin Boulevard–
Archer Avenue–
JFK Airport
10%
Sutter Avenue–
Rutland Road
10%
Third Avenue—
149th Street
10%
Vernon Boulevard–Jackson Avenue
10%
Westchester Square–
East Tremont Avenue
10%
Wilson Avenue
10%
174th Street—
175th Street
9%
182nd Street—
183rd Street
9%
33rd Street–Rawson Street
9%
46th Street–
Bliss Street
9%
75th Street–
Elderts Lane/Elders Street
9%
85th Street–
Forest Parkway
9%
DeKalb Avenue
9%
Eighth Street–
New York University
9%
Prospect Avenue
9%
West Eighth Street–
New York Aquarium
9%
40th Avenue–
Lowery Street
7%
Seventh Avenue–
Park Slope
7%

Score Distribution

Percentile by Number Answered

Percent of People with Each Score

Your Score History

You have not taken this quiz